|
|
|
|
| LEADER |
00000nam0a2200000 4500 |
| 001 |
272912 |
| 005 |
20231101234559.0 |
| 035 |
|
|
|a (RuTPU)RU\TPU\book\296121
|
| 090 |
|
|
|a 272912
|
| 100 |
|
|
|a 20141022d1987 m y0rusy5003 ca
|
| 101 |
0 |
|
|a rus
|
| 102 |
|
|
|a RU
|
| 105 |
|
|
|a ac z 001zb
|
| 200 |
1 |
|
|a Герцен
|f В. А. Прокофьев
|
| 210 |
|
|
|a Москва
|c Молодая гвардия
|d 1987
|
| 215 |
|
|
|a 400 с.
|c ил., портр.
|
| 225 |
1 |
|
|a Жизнь замечательных людей. Серия биографий
|v Вып. 8(596)
|
| 600 |
|
1 |
|a Герцен
|g Александр Иванович
|f 1812-1870
|c российский революционер
|c писатель
|c философ
|b А. И.
|2 stltpush
|3 (RuTPU)RU\TPU\pers\286
|
| 606 |
1 |
|
|a Герцен А.И., философские взгляды
|2 stltpush
|3 (RuTPU)RU\TPU\subj\6368
|9 34272
|
| 610 |
1 |
|
|a биографии
|
| 610 |
1 |
|
|a персоналии
|
| 610 |
1 |
|
|a деятельность
|
| 610 |
1 |
|
|a политика
|
| 610 |
1 |
|
|a философия
|
| 610 |
1 |
|
|a эстетика
|
| 610 |
1 |
|
|a публицистика
|
| 610 |
1 |
|
|a общественная жизнь
|
| 610 |
1 |
|
|a 19 век
|
| 686 |
|
|
|a Ю3(2)50
|2 rubbk
|
| 700 |
|
1 |
|a Прокофьев
|b В. А.
|
| 801 |
|
0 |
|a RU
|b RuMRKP
|c 19950704
|g psbo
|
| 801 |
|
1 |
|a RU
|b 63413507
|c 20141022
|
| 801 |
|
2 |
|a RU
|b 63413507
|c 20170109
|g RCR
|
| 942 |
|
|
|c BK
|